00498 2200205 4500001002100000008004100021035002000062245006100082100001700143250000600160260003200166300001100198084001400209082000800223650001300231990001200244990001200256990001200268990001200280INLIS000000000000669 ind  a0010-0424000645 aNama-Nama Besar Seleksi Alam Charles DarwincYin Lin Jun aLin Jun, Yin a1 aBandung :bPakar Rayac2007 a40 hlm a600 YIN n a600 aNonfiksi a0721730 a0721731 a0721732 a0721733